Let Us C (Record no. 3435)

MARC details
000 -LEADER
fixed length control field 00422nam a22001697a 4500
005 - DATE AND TIME OF LATEST TRANSACTION
control field 20180203170840.0
008 - FIXED-LENGTH DATA ELEMENTS--GENERAL INFORMATION
fixed length control field 160621b xxu||||| |||| 00| 0 eng d
020 ## - INTERNATIONAL STANDARD BOOK NUMBER
ISBN 81-8333-163-7
041 ## - LANGUAGE CODE
Language code of text/sound track or separate title eng
082 ## - DEWEY DECIMAL CLASSIFICATION NUMBER
Item number 8806
Classification number 005.133new delhi
100 ## - MAIN ENTRY--AUTHOR NAME
Personal name Kanetkar, yashvant
245 ## - TITLE STATEMENT
Title Let Us C
260 ## - PUBLICATION, DISTRIBUTION, ETC. (IMPRINT)
Name of publisher BPB Publication
Place of publication new delhi
Year of publication 2009
300 ## - PHYSICAL DESCRIPTION
Number of Pages 728
650 ## - SUBJECT ADDED ENTRY--TOPICAL TERM
Topical Term Information Technology
942 ## - ADDED ENTRY ELEMENTS (KOHA)
Koha item type Books
Holdings
Lost status Damaged status Home library Current library Shelving location Date acquired Cost, normal purchase price Full call number Accession Number Koha item type Collection code
Lost   JRU Library JRU Library SHELF-3-F 21/06/2016 240.00 8806 8806 Books  
    JRU Library JRU Library SHELF-54-C 21/06/2016 240.00 005.133 8807 Books CS/IT
    JRU Library   SHELF-3-F 21/06/2016 240.00 8806 8808 Books